Directory global professional accounting and business certification

In a globalized world, employers are confronted by a bewildering variety of professional qualifications, some valid, some less weighty and some spurious and fraudulent. This excellent compilation enables the reader to touch base with such organizations and explore their true credentials through acce...

Volledige beschrijving

Bewaard in:
Bibliografische gegevens
Hoofdauteur: Balkaran, Lal
Formaat: Boek
Taal:Undetermined
Gepubliceerd in: New Jersey John Wiley & Sons 2007
Onderwerpen:
Tags: Voeg label toe
Geen labels, Wees de eerste die dit record labelt!
Thư viện lưu trữ: Trung tâm Học liệu Trường Đại học Cần Thơ
LEADER 01098nam a2200217Ia 4500
001 CTU_164324
008 210402s9999 xx 000 0 und d
020 |c 40 
082 |a 657.025 
082 |b B186 
100 |a Balkaran, Lal 
245 0 |a Directory global professional accounting and business certification 
245 0 |c Lal Balkaran 
260 |a New Jersey 
260 |b John Wiley & Sons 
260 |c 2007 
520 |a In a globalized world, employers are confronted by a bewildering variety of professional qualifications, some valid, some less weighty and some spurious and fraudulent. This excellent compilation enables the reader to touch base with such organizations and explore their true credentials through access to their whereabouts including Web sites. It is additionally pleasing that updates will be provided via the publisher's own Web site 
650 |a Kế toán,Accountants,Accounting,Kế toán 
650 |x Xã hội,Certification,Societies, etc.,Chứng chỉ 
904 |i Bạch Trúc 
980 |a Trung tâm Học liệu Trường Đại học Cần Thơ